00852nam a2200241Ia 450000100060000000300090000600800410001504000130005604000130006904100130008210000210009510000290011624500370014524500370018225000110021926000090023026000140023926000490025330000410030250002040034365000320054765000310057911102IT-RoPAU130308s9999 xx 000 0 und d aIT-RoPAU cIT-RoPAU aITALIANO aSibilla Giuseppe gCodice Aut. SPICS: 1287 aGiornalismo radiotelevisivo (Il) bCorso superiore di Giornalismo-7 a1a ed. aROMA bAccademia c1978 [1° Ed.:1978 - Ed.Ling.Originale:1978] a"68 p. (prefazione: no ; testo: 68)" aGiornalismo Televisivo Notiziari Telecronaca Inchiesta e Documentario Dibattiti e Rubriche Giornalismo radiofonico prospettive del Giornalismo radiotelevisivo Glossario dei principali termini Tecnici aREGIA DELLA STAMPA DI MASSA eCodice materia Spics: 6653